000 00479cam a2200181ua 4500
020 _a0-87055-170-1
041 _aeng
_h
082 _a664.752
_bTRE/FO
100 _aTressler, Donald K .
245 _aFood products formulary, Vol 2 /
_cDonald K Tressler.
_hTextual Documents
250 _a1 /
_b.
260 _aConnecticut :
_bA.V.I Publishing company ,
_c1975.
300 _a431 ; .
504 _a
700 1 _aSultan, William J .
942 _cBK
999 _c9170
_d9170